Czech Republic UEFA European Championships XIs - Statistics

General Stats
  • This quiz has been taken 93 times
  • The average score is 21 of 59
Answer Stats
Answer % Correct
Petr Čech
97%
Patrik Schick
87%
Pavel Nedvěd
85%
Tomáš Rosický
85%
Tomáš Souček
78%
Milan Baroš
76%
Jan Koller
72%
Vladimír Coufal
72%
Karel Poborský
57%
Vladimír Šmicer
56%
Adam Hložek
51%
Marek Jankulovski
50%
Tomáš Vaclík
49%
Tomáš Ujfaluši
47%
Jaroslav Plašil
40%
Patrik Berger
40%
Tomáš Holeš
40%
Zdeněk Grygera
40%
Michal Kadlec
38%
Miroslav Kadlec
38%
Pavel Kuka
38%
Vladimír Darida
37%
Jindřich Staněk
34%
Theodor Gebre Selassie
34%
Tomáš Galásek
34%
Ladislav Krejčí
32%
Pavel Kadeřábek
32%
Petr Kouba
31%
Tomáš Kalas
31%
Lukáš Provod
29%
Radek Bejbl
29%
Jakub Jankto
28%
Lukáš Masopust
28%
David Jurásek
26%
David Limberský
26%
Jan Suchopárek
26%
Ondřej Čelůstka
26%
Robin Hranáč
26%
Jan Bořil
25%
Václav Pilař
25%
Jiří Němec
24%
Tomáš Necid
24%
Jan Polák
22%
Libor Sionko
22%
René Bolf
22%
Tomáš Řepka
21%
David Rozehnal
19%
Karel Rada
19%
Pavel Srníček
19%
Tomáš Sivok
19%
Petr Gabriel
18%
Petr Jiráček
18%
Radoslav Látal
18%
Marek Matějovský
16%
Michal Horňák
16%
Mojmír Chytil
16%
David Pavelka
12%
Roman Hubník
12%
Tomáš Hübschman
12%
No matching quizzes found
Score Distribution
Percent of People with Each Score
Percentile by Number Answered
Your Score History
You have not taken this quiz